000 01697cam a22003617a 4500
999 _c27277
_d27277
001 14787482
005 20170208090645.0
008 070328s2008 nyua b s001 0 eng
010 _a 2007013095
020 _a9780791473177 (hardcover : alk. paper)
020 _a0791473171 (hardcover : alk. paper)
035 _a(OCoLC)ocn122701488
035 _a(OCoLC)122701488
040 _aDLC
_cDLC
_dBTCTA
_dBAKER
_dYDXCP
_dC#P
_dBWX
_dDLC
043 _anwcu---
_an-us---
050 0 0 _aNX512.3
_b .C83I34 2008
245 0 0 _aIdentity, memory, and diaspora :
_bvoices of Cuban-American artists, writers, and philosophers /
_cedited by Jorge J.E. Gracia, Lynette M.F. Bosch and Isabel Alvarez Borland.
260 _aAlbany :
_bState University of New York Press,
_cc2008.
300 _axii, 284 p. :
_bcol. ill. ;
_c24 cm.
440 0 _aSUNY series in Latin American and Iberian thought and culture
504 _aIncludes bibliographical references (p. 261-265) and index.
650 0 _aCuban American art.
650 0 _aAmerican literature
_xCuban American authors.
650 0 _aCuban American philosophy.
700 1 _aGracia, Jorge J. E.
700 1 _aBosch, Lynette M. F.
700 1 _aAlvarez-Borland, Isabel.
856 4 1 _3Table of contents only
_uhttp://www.loc.gov/catdir/toc/ecip0714/2007013095.html
942 _2lcc
_cBOOKS
_hNX512.3 .C83I34 2008